| 000 | 00564nam a2200157 a 4500 | ||
|---|---|---|---|
| 008 | 120416s1957 ||||||||||||||||| || u | ||
| 050 | _aHD 82 Myr | ||
| 100 | _aMyrdal, Gunnar, 1898- | ||
| 245 | 1 | 0 | _aEconomic theory and under-developed regions |
| 260 |
_aLondon _bG. Duckworth _c(1957) |
||
| 300 | _axii, 167p. | ||
| 350 | _a0.00 | ||
| 650 | _aECONOMIC THEORY--DEVELOPING COUNTRIES | ||
| 650 | 0 | _aECONOMICS | |
| 995 |
_D0.00 _FCBU-MAIN LIBRARY (Kitwe) _H1 _I0.00 _M1 _UAVAILABLE _ZAnnex Low-Usage Collection |
||
| 999 |
_c40930 _d40930 |
||